000 00946nas a2200313 4500
001 BR0905912
003 BR-BrBNA
005 20231205113759.0
007 ta
008 230509b bl.|||p| |||| 00| 00por d
040 _aBR-BrBNA
_bpor
_cBiblioteca Nacional de Agricultura
041 _a(Pt)
072 _aH10
100 1 _aPaz, J.K. da S.
100 1 _aSilva, P.R.R.
100 1 _aPádua, L.E. de M.
100 1 _aIde, S.
100 1 _aCarvalho, E.M.S.
100 1 _aFeitosa, S.S.
245 1 _aMonitoramento de coleobrocas associadas à mangueira no município de José de Freitas, estado do Piauí
650 _aMANGA
650 _aPRAGA DE PLANTA
650 _aCOLEOBROCA
650 _aDINÂMICA POPULACIONAL
650 _aPIAUÍ
773 0 _tRevista Brasileira de Fruticultura (Brazil)
_xISSN 0100 2945
_g(Jun 2008), v. 30(2) p. 348-355
_wBR0905912
909 _a202311
_bLúcia
_c55
_dLúcia Elande
942 _2AGRIS
_n0
_cANA
999 _c205575
_d205575